[Event "ch-LTU"]
[Site "Vilnius LTU"]
[Date "2009.05.06"]
[Round "6"]
[White "Piesina,G"]
[Black "Zickus,S"]
[Result "0-1"]
[WhiteElo "2345"]
[BlackElo "2307"]

1.d4 d5 2.c4 dxc4 3.Nf3 Nf6 4.e3 e6 5.Bxc4 c5 6.O-O a6 7.Bd3 b5 8.a4 b4 9.e4 cxd4
10.e5 Nfd7 11.Bg5 Qc7 12.Nbd2 Bb7 13.Rc1 Nc6 14.Nc4 Nc5 15.Bb1 Na5 16.Nxa5 Qxa5
17.Nxd4 h6 18.Be3 Rd8 19.Qh5 Bd5 20.b3 Be7 21.Bc2 g6 22.Qe2 Kf8 23.f4 h5
24.Qf2 Qc7 25.Bb1 Qb7 26.f5 exf5 27.Nxf5 gxf5 28.Rxc5 Bxc5 29.Bxc5+ Ke8 30.Bxf5 Rg8
31.Bh3 h4 32.Qxh4 Qc7 33.Bd6 Qa7+ 34.Kh1 Qb7 35.Rg1 f5 36.Qh5+ Bf7 37.Qxf5 Rg6
38.Qf4 Qd5 39.Qh4 Rdxd6 40.exd6 Qxd6 41.Rf1 Bxb3 42.Qe4+ Kd8 43.Qa8+ Kc7
44.Qa7+ Kc6 45.Qxa6+ Kc5 46.Qb5+ Kd4 47.a5 Bc2 48.a6 Rh6 49.Qe2 Bd3 50.Qf2+ Kc3
51.Rc1+ Kb3 52.Qe3 Qxa6 53.Rb1+ Kc4 54.Qf4+ Kd5 55.Qg5+ Kc4 56.Qf4+ Kd5 57.Re1 Qd6
58.Qf3+ Kc4 59.Rc1+ Kb3 60.Qd1+ Ka2 61.Qd2+ Kb3 62.Qd1+ Kb2 63.Qd2+ Kb3 64.Qe3 Ka4
65.Rd1 Rf6 66.Ra1+ Kb5 67.Qe8+ Kc4 68.Rc1+ Kb3 69.g3 Kb2 70.Qe3 Be4+ 71.Kg1 Bc2
72.Rf1 Rxf1+ 73.Bxf1 b3 74.h4 Kb1 75.h5 b2 76.h6 Qd1 77.Kf2 Qc1 78.Qe6 Qd2+
79.Be2 Kc1 80.h7 Qd4+ 81.Kf3  0-1

[Event "Copenhagen Chess Challenge"]
[Site "Ballerup DEN"]
[Date "2009.05.07"]
[Round "3"]
[White "Carstensen,J"]
[Black "Eriksson,C"]
[Result "1/2-1/2"]
[WhiteElo "2331"]
[BlackElo "2122"]

1.d4 d5 2.c4 dxc4 3.Nf3 Nf6 4.e3 e6 5.Bxc4 c5 6.O-O a6 7.a4 Nc6 8.Qe2 Qc7
9.Nc3 Bd6 10.Rd1 O-O 11.h3 b6 12.dxc5 Bxc5 13.e4 Ne5 14.Bb3 Bb7 15.Bg5 Rfd8
16.Rac1 Rxd1+ 17.Bxd1 Nxf3+ 18.Qxf3 Qe5 19.Bf4 Qd4 20.Bc2 Qb4 21.Qd3 Qd4
22.Qe2 Qd7 23.Be5 Qe7 24.Rd1 Rd8 25.Bd3 Nd7 26.Bc7 Rc8 27.Bg3 Ra8 28.e5 Nf8
29.Ne4 Bxe4 30.Bxe4 Rd8 31.Rxd8 Qxd8 32.Qxa6 Qd4 33.Qe2 Qxa4 34.Bc2 Qb4 35.Kh2 Qd4
36.b3 Qc3 37.Qc4  1/2-1/2

[Event "Copenhagen Chess Challenge"]
[Site "Ballerup DEN"]
[Date "2009.05.09"]
[Round "6"]
[White "Grandelius,N"]
[Black "Semcesen,D"]
[Result "1/2-1/2"]
[WhiteElo "2491"]
[BlackElo "2387"]

1.Nf3 d5 2.d4 Nf6 3.c4 dxc4 4.e3 e6 5.Bxc4 c5 6.O-O a6 7.Bb3 b5 8.a4 b4 9.Nbd2 Bb7
10.e4 Be7 11.e5 Nfd7 12.Nc4 cxd4 13.Nd6+ Bxd6 14.exd6 Nc5 15.Bf4 Bxf3 16.Qxf3 Nbd7
17.Bc2 O-O 18.Rfe1  1/2-1/2

[Event "Copenhagen Chess Challenge"]
[Site "Ballerup DEN"]
[Date "2009.05.09"]
[Round "6"]
[White "Grabarczyk,M"]
[Black "Carstensen,J"]
[Result "1-0"]
[WhiteElo "2469"]
[BlackElo "2331"]

1.d4 d5 2.Nf3 Nf6 3.c4 dxc4 4.e3 e6 5.Bxc4 c5 6.O-O a6 7.dxc5 Bxc5 8.Qxd8+ Kxd8
9.Be2 Nbd7 10.Nbd2 b6 11.b3 Bb7 12.Bb2 Ke7 13.Ne1 Rhd8 14.Nd3 Rac8 15.Nc4 b5
16.Na5 Be4 17.Nxc5 Nxc5 18.Rfd1 Rxd1+ 19.Rxd1 Nb7 20.Nxb7 Bxb7 21.Rc1 Rxc1+
22.Bxc1 Nd5 23.Bd2 Kd6 24.e4 Ne7 25.Bb4+ Kd7 26.f3 f5 27.exf5 exf5 28.Kf2 Ke6
29.g3 g6 30.h4 Nd5 31.Bd2 Ke5 32.Bh6 Nb4 33.Bg7+ Ke6 34.a3 Nc2 35.Bd1 Nxa3
36.Bf8 b4 37.Bxb4 Nb5 38.Ke3 Bd5 39.Bc5 Ke5 40.b4 Bc4 41.Bf8 Nc7 42.f4+ Kf6
43.Kd4 Ba2 44.Bd6 Ne6+ 45.Kc3 Bd5 46.Be2 Bb7 47.Bc4 h6 48.Be2 Kf7 49.h5 Ng7
50.Bc4+ Ke8 51.hxg6  1-0

[Event "Copenhagen Chess Challenge"]
[Site "Ballerup DEN"]
[Date "2009.05.09"]
[Round "6"]
[White "Rusev,K"]
[Black "Rasmussen,A"]
[Result "0-1"]
[WhiteElo "2498"]
[BlackElo "2501"]

1.d4 d5 2.Nf3 Nf6 3.c4 dxc4 4.e3 e6 5.Bxc4 c5 6.O-O a6 7.Bd3 Nbd7 8.Re1 b6
9.e4 cxd4 10.e5 Nd5 11.Nxd4 Nc5 12.Bf1 Bb7 13.Nd2 Be7 14.Qg4 O-O 15.N2f3 Kh8
16.Bd2 a5 17.Nb5 f5 18.Qd4 Ne4 19.Rxe4 Bc5 20.Qa4 fxe4 21.Qxe4 Qd7 22.Qg4 Ne7
23.Nfd4 Nf5 24.Bc3 Rad8 25.Nd6 Nxd6 26.exd6 Qf7 27.Qh4 e5 28.Bd3 g5 29.Nf5 gxh4
30.Bxe5+ Qf6  0-1

[Event "Copenhagen Chess Challenge"]
[Site "Ballerup DEN"]
[Date "2009.05.09"]
[Round "6"]
[White "Jacobsen,Mad"]
[Black "Tandrup,M"]
[Result "1/2-1/2"]
[WhiteElo "1830"]
[BlackElo "1917"]

1.d4 d5 2.c4 dxc4 3.Nf3 Nf6 4.e3 e6 5.Bxc4 c5 6.O-O cxd4 7.Nxd4 a6 8.a4 Bc5
9.Nc3 O-O 10.Nb3 Bd6 11.Qe2 Qc7 12.h3 Nc6 13.f4 Na5 14.Nxa5 Qxa5 15.e4 Bc5+
16.Kh2 Bd7 17.e5 Ne8 18.Ne4 Bb4 19.Qg4 Bc6 20.Ng5 Nc7 21.f5 Bd5 22.Nxh7 Kxh7
23.f6 g6 24.Qh4+ Kg8 25.Qh6 Ne8 26.Bd3  1/2-1/2

[Event "Limpedea Cup"]
[Site "Baia Sprie ROM"]
[Date "2009.05.15"]
[Round "5"]
[White "Grigore,Ge"]
[Black "Bonte,An"]
[Result "1-0"]
[WhiteElo "2542"]
[BlackElo "2323"]

1.d4 d5 2.c4 dxc4 3.Nf3 Nf6 4.e3 e6 5.Bxc4 c5 6.O-O a6 7.Bb3 Nc6 8.Nc3 Be7
9.dxc5 Qxd1 10.Rxd1 Bxc5 11.Ng5 O-O 12.Nge4 Nxe4 13.Nxe4 Be7 14.Bd2 Rd8 15.Rac1 Bd7
16.Nc5 Bxc5 17.Rxc5 Be8 18.f3 Rac8 19.Be1 Rxd1 20.Bxd1 Ne7 21.Rxc8 Nxc8 22.e4 f6
23.Kf2 Ne7 24.Ke3 Nc6 25.Kd3 Bf7 26.Kc4 b6 27.Kc3 e5 28.a4 b5 29.Be2 b4+
30.Kd2 a5 31.Bf2 Bb3 32.Bb5 Nd8 33.Bb6 Nb7 34.Kd3 Kf8 35.Bc6 Nd6 36.Bxa5 Bc4+
37.Kd2 b3 38.Bb4 Ke7 39.Bb5 Be6 40.Kc3 Bf7 41.Bc4 Be8 42.Kxb3 Bc6 43.a5  1-0

[Event "XXVIII Open"]
[Site "Zalakaros HUN"]
[Date "2009.05.16"]
[Round "9"]
[White "Medvegy,Z"]
[Black "Horvath,Gy1"]
[Result "1/2-1/2"]
[WhiteElo "2546"]
[BlackElo "2370"]

1.d4 d5 2.c4 dxc4 3.Nf3 Nf6 4.e3 e6 5.Bxc4 c5 6.O-O a6 7.dxc5 Bxc5 8.Qxd8+ Kxd8
9.Ne5 Ke7 10.Be2 Rd8 11.Nd2 Bd6 12.Nec4 Bc7 13.Nb3 Nc6 14.a4 e5 15.f3 Nd5
16.Rd1 Nb6 17.Rxd8 Bxd8 18.Nbd2 Be6 19.b3 Nxc4 20.Nxc4 Na5 21.Rb1 Nxc4 22.bxc4 b6
23.Ba3+ Kf6 24.c5 bxc5 25.Bxc5 a5 26.Bd6 Be7 27.Bxe7+ Kxe7 28.Rb6 Ra7 29.Rb8 h6
30.Bb5 f5 31.Kf2 Kf6 32.Rb6 Ke7 33.f4 exf4 34.exf4 g5 35.Ke3 Kf7 36.g3 g4
37.Kd4 Rc7 38.Ra6 Rc2 39.Ke5 Rc5+ 40.Kd4 Rc2 41.Rxa5 h5 42.Bd3 Rxh2 43.Ke5 Bd7
44.Ra7 Ke8 45.a5 h4 46.Kf6 Kd8 47.Ra8+ Kc7 48.Bxf5 Bxf5 49.Kxf5 hxg3 50.Rg8 Rh4
51.a6 Kb6 52.Rb8+ Kxa6 53.Rb1 Rh8 54.Kg6 g2 55.Rg1 g3 56.f5 Rg8+ 57.Kf7 Rg4
58.f6 Kb5 59.Ke6 Re4+ 60.Kf5 Re2 61.f7 Rf2+ 62.Kg6 Kc4  1/2-1/2

[Event "18th CRO-Cup"]
[Site "Sibenik CRO"]
[Date "2009.05.21"]
[Round "2"]
[White "Martinovic,Sa"]
[Black "Stevic,H"]
[Result "1/2-1/2"]
[WhiteElo "2483"]
[BlackElo "2617"]

1.d4 d5 2.c4 dxc4 3.Nf3 Nf6 4.e3 e6 5.Bxc4 c5 6.O-O a6 7.dxc5 Qxd1 8.Rxd1 Bxc5
9.Be2 Nbd7 10.Nbd2 b6 11.Nc4 Bb7 12.Nd4 Bd5  1/2-1/2

[Event "ch-UKR w"]
[Site "Evpatoria UKR"]
[Date "2009.05.27"]
[Round "5"]
[White "Kostiukova,L"]
[Black "Shvayger,Y"]
[Result "1/2-1/2"]
[WhiteElo "2220"]
[BlackElo "2160"]

1.d4 d5 2.c4 dxc4 3.e3 e6 4.Bxc4 c5 5.Nf3 Nf6 6.O-O a6 7.a4 cxd4 8.exd4 Nc6
9.Nc3 Be7 10.Be3 Nd5 11.Bxd5 exd5 12.Ne5 O-O 13.f4 f5 14.Qb3 Be6 15.Qd1 Qb6
16.Qd2 Na5 17.Rae1 Rac8 18.Nd7 Bxd7 19.Nxd5 Qd8 20.Nxe7+ Qxe7 21.Qxa5 Qe4
22.Bf2 Qc6 23.Re7 Be6 24.Qe5 Rf6 25.Re1 Bd5 26.Re8+ Rxe8 27.Qxe8+ Qxe8 28.Rxe8+ Kf7
29.Re5 Be4 30.Be1 Rg6 31.g3 Re6 32.Rc5 Rc6 33.b4 b6 34.Rxc6 Bxc6 35.a5 bxa5
36.bxa5 Ke6 37.Kf2 h5 38.Ke3 Be4 39.Bb4 Kd5 40.Bc5 g6 41.Bb6 Bb1 42.Kf3 Be4+
43.Kf2 Kc4  1/2-1/2

[Event "ch-UKR w"]
[Site "Evpatoria UKR"]
[Date "2009.05.27"]
[Round "5"]
[White "Petrova,I"]
[Black "Feduk,Iv"]
[Result "0-1"]
[WhiteElo "1986"]
[BlackElo "1962"]

1.d4 d5 2.c4 dxc4 3.Nf3 Nf6 4.e3 e6 5.Bxc4 c5 6.Qe2 a6 7.dxc5 Bxc5 8.O-O O-O
9.e4 b5 10.Bd3 Bb7 11.Qc2 h6 12.e5 Nfd7 13.Nbd2 Nc6 14.Ne4 Nd4 15.Nxd4 Bxd4
16.Bf4 Nxe5 17.Rad1 Nxd3 18.Qxd3 e5 19.Bc1 Qd5 20.Rfe1 f5 21.Qg3 fxe4 22.Be3 Qc5
23.Rc1 Qe7 24.Bxd4 exd4 25.Rc7 Qf6 26.Rxb7 d3 27.b3 Rac8 28.Rd7 Rc2 29.Rf1 Rxa2
30.Rd6 Qf4 31.Qxf4 Rxf4 32.g3 Rf3 33.Rd4 d2 34.b4 e3 35.fxe3 Rxe3 36.Rd8+ Kh7
37.Rd4 Re1 38.Rd6 Raa1  0-1

[Event "3rd ENCI Limburg Open"]
[Site "Maastricht NED"]
[Date "2009.05.29"]
[Round "1"]
[White "Henrichs,T"]
[Black "Op den Kelder,J"]
[Result "0-1"]
[WhiteElo "2500"]
[BlackElo "2265"]

1.d4 d5 2.c4 dxc4 3.Nf3 Nf6 4.e3 e6 5.Bxc4 c5 6.O-O a6 7.Bb3 b5 8.a4 b4 9.e4 cxd4
10.Nbd2 Bb7 11.e5 Nfd7 12.Nc4 Nc6 13.Bg5 Qc7 14.Rc1 Nc5 15.Ba2 h6 16.Bh4 g5
17.Bg3 Ne4 18.Nfd2 Nxg3 19.fxg3 Nxe5 20.Nxe5 Qxe5 21.Qh5 Qe3+ 22.Rf2 Rh7
23.Rc7 Rc8 24.Rxb7 Rc1+ 25.Nf1 d3 26.Bb3 Bc5 27.Rxf7 Rxf7 28.Qxf7+ Kd8 29.Qg8+ Kc7
30.Qf7+ Kb6  0-1

[Event "ch-UZB"]
[Site "Tashkent UZB"]
[Date "2009.05.29"]
[Round "13"]
[White "Kasyan,A"]
[Black "Egin,V"]
[Result "1/2-1/2"]
[WhiteElo "2305"]
[BlackElo "2439"]

1.d4 d5 2.c4 dxc4 3.Nf3 Nf6 4.e3 e6 5.Bxc4 c5 6.O-O a6 7.dxc5 Qxd1 8.Rxd1 Bxc5
9.Nbd2 Nbd7 10.Nb3 Be7 11.Bd2 b6 12.Be2 Bb7  1/2-1/2

[Event "TOP 16 Poule Basse"]
[Site "Le Port Marly FRA"]
[Date "2009.05.31"]
[Round "11"]
[White "Legky,N"]
[Black "Kallai,G"]
[Result "1/2-1/2"]
[WhiteElo "2468"]
[BlackElo "2462"]

1.d4 d5 2.c4 dxc4 3.Nf3 Nf6 4.e3 e6 5.Bxc4 c5 6.O-O a6 7.Bd3 cxd4 8.exd4 Nc6
9.Nc3 Be7 10.a3 O-O 11.Bc2 Nd5 12.Nxd5 Qxd5 13.Bb3 Qd6  1/2-1/2

[Event "ch-UZB"]
[Site "Tashkent UZB"]
[Date "2009.06.01"]
[Round "4"]
[White "Hamrakulova,Y"]
[Black "Egin,V"]
[Result "1/2-1/2"]
[WhiteElo "2191"]
[BlackElo "2439"]

1.d4 d5 2.Nf3 Nf6 3.c4 dxc4 4.e3 e6 5.Bxc4 c5 6.O-O a6 7.a4 Nc6 8.Qe2 Qc7
9.Rd1 Bd6 10.dxc5 Bxc5 11.Nc3 O-O 12.h3 b6 13.e4 Nh5 14.Be3 Nf4 15.Qd2 Bxe3
16.Qxe3 Bb7 17.Rac1 Rfd8 18.g3 Ng6 19.Re1 Qd6 20.Red1 Qc7 21.Re1 Qd6 22.Red1 Qc7
23.Re1 Qd6 24.Red1 Qc7  1/2-1/2

[Event "ch-UZB"]
[Site "Tashkent UZB"]
[Date "2009.06.05"]
[Round "7"]
[White "Kasyan,A"]
[Black "Niyazmetov,R"]
[Result "1-0"]
[WhiteElo "2305"]
[BlackElo "2227"]

1.d4 d5 2.c4 dxc4 3.Nf3 Nf6 4.e3 e6 5.Bxc4 c5 6.O-O Nc6 7.Qe2 cxd4 8.Rd1 Be7
9.exd4 O-O 10.Nc3 Nb4 11.Ne5 Nbd5 12.Bg5 Nxc3 13.bxc3 Nd5 14.Bxe7 Qxe7 15.Qf3 Rd8
16.Re1 Qc7 17.Bb3 b5 18.Nd3 Bb7 19.Nc5 Rac8 20.Re5 Ba8 21.Rae1 Nf6 22.Qh3 Bd5
23.Rg5 Qf4 24.Qh6 Kf8 25.Qxg7+ Ke7 26.Bxd5 Rg8 27.Rxe6+ Kd8 28.Qxg8+ Nxg8
29.Rxg8+ Kc7 30.Rc6+  1-0

[Event "FSIMA June"]
[Site "Budapest HUN"]
[Date "2009.06.06"]
[Round "1"]
[White "Kahn,E"]
[Black "Bacso,G"]
[Result "1/2-1/2"]
[WhiteElo "2285"]
[BlackElo "2171"]

1.d4 d5 2.c4 dxc4 3.Nf3 e6 4.e3 Nf6 5.Bxc4 c5 6.O-O cxd4 7.Qxd4 Qxd4 8.Nxd4 a6
9.a4 Be7 10.Nc3 O-O 11.Rd1 Bd7 12.Be2 Nc6 13.Nxc6 Bxc6 14.Bf3 Bxf3 15.gxf3 Rfd8
16.Bd2 Nd5 17.Nxd5 Rxd5 18.Bc3 Rad8 19.Rxd5  1/2-1/2

[Event "zt 2.4"]
[Site "Rio de Janeiro BRA"]
[Date "2009.06.13"]
[Round "6"]
[White "Diamant,A"]
[Black "Matsuura,E"]
[Result "1/2-1/2"]
[WhiteElo "2506"]
[BlackElo "2482"]

1.d4 d5 2.c4 c6 3.Nf3 Nf6 4.e3 e6 5.Bd3 dxc4 6.Bxc4 c5 7.O-O a6 8.dxc5 Bxc5
9.Qxd8+ Kxd8 10.Nbd2 Ke7 11.Be2 Nbd7 12.Ne1 Ne5 13.Nb3 Bb6 14.Bd2 Rd8 15.Bc3 Nc6
16.Bf3 a5 17.Rc1 a4 18.Nd2 Ba5 19.Nc4 Bxc3 20.Rxc3 Ra6 21.Nd3 Nd5 22.Bxd5 Rxd5
23.e4 Rd8 24.Rfc1 Nd4 25.Kf1 Nb5 26.R3c2 Rxd3 27.Ne5 Rd4 28.Rxc8 Rxe4 29.R1c5 Nd6
30.R8c7+ Ke8 31.f3 Rb4 32.Nd3 a3 33.b3 Rxb3 34.axb3 a2 35.Rc1 a1=Q 36.Rxa1 Rxa1+
37.Kf2 Ra2+ 38.Kg3 Kd8 39.Rc3 Rd2 40.Nc5 Ke7 41.h4 h5 42.Kh3 b5 43.Na6 Rb2
44.Rc7+ Kf6 45.Nc5 Kg6 46.Rd7 Nf5 47.Nd3 Rxb3 48.Nf4+ Kf6 49.Nxh5+ Ke5 50.Rxf7 g6
51.Ng3  1/2-1/2

[Event "Junior DM Final"]
[Site "Stockholm SWE"]
[Date "2009.06.19"]
[Round "3"]
[White "Hussain,A"]
[Black "Wenzel,B"]
[Result "1-0"]
[WhiteElo "1942"]
[BlackElo "1938"]

1.d4 d5 2.c4 dxc4 3.Nf3 Nf6 4.e3 e6 5.Bxc4 c5 6.O-O Nc6 7.Qe2 cxd4 8.Rd1 Be7
9.exd4 O-O 10.a3 b6 11.Nc3 Bb7 12.Bg5 Nd5 13.Be3 Nxc3 14.bxc3 Bf6 15.Ba2 Qc7
16.Ng5 Ne7 17.Qh5 Bxg5 18.Bxg5 Ng6 19.Rac1 Qc6 20.Qg4 b5 21.Re1 Rfe8 22.h4 h5
23.Qg3 Ne7 24.Bxe7 Rxe7 25.Re5 Rd7 26.Rxh5 Rxd4 27.Rg5 Rad8 28.Rxg7+ Kh8
29.Rxf7 Rd1+ 30.Rxd1 Rxd1+ 31.Kh2  1-0

[Event "Ol Small Eur Countries"]
[Site "Andorra la Vella AND"]
[Date "2009.06.21"]
[Round "1"]
[White "Olsen,H"]
[Black "Cilia Vincenti,D"]
[Result "1/2-1/2"]
[WhiteElo "2382"]
[BlackElo "2094"]

1.Nf3 d5 2.d4 Nf6 3.c4 dxc4 4.e3 e6 5.Bxc4 c5 6.O-O a6 7.Bb3 b5 8.a4 b4 9.e4 cxd4
10.Nbd2 Bb7 11.e5 Nfd7 12.Nc4 Nc5 13.Nxd4 Nxb3 14.Nxb3 Qxd1 15.Rxd1 Nd7 16.Be3 Bd5
17.Nba5 Be7 18.Nd6+ Kf8 19.Rac1 Nxe5 20.Nf5 exf5 21.Rxd5 Ng4 22.Bb6 g6 23.Rd7 Bf6
24.Rcc7 Ne5 25.Rd5 Kg7 26.f4 Ng4 27.Rdd7 Rae8 28.Rxf7+ Kh6 29.Kf1 Nxh2+ 30.Kf2 Ng4+
31.Kg3 Bxb2 32.Bc5 Rd8 33.Rcd7 Rxd7 34.Rxd7 Nf6 35.Rc7 Ne4+ 36.Kh3 Nxc5 37.Rxc5 Re8
38.Nc4 Bc3 39.Rc7 Rb8 40.Ne3 Re8 41.Nd5 Re4 42.g3 g5 43.Rc6+ Kh5 44.Rxa6 g4+
45.Kg2 Re2+ 46.Kh1 Re1+ 47.Kg2 Re2+ 48.Kh1 Re1+  1/2-1/2

[Event "VI Moncada Elite"]
[Site "Santiago de Cuba CUB"]
[Date "2009.06.21"]
[Round "7"]
[White "Almeida Quintana,O"]
[Black "Bruzon Batista,L"]
[Result "1/2-1/2"]
[WhiteElo "2521"]
[BlackElo "2617"]

1.d4 d5 2.Nf3 Nf6 3.c4 dxc4 4.e3 e6 5.Bxc4 c5 6.O-O a6 7.dxc5 Bxc5 8.Qxd8+ Kxd8
9.Nbd2 Ke7 10.b3 b6 11.Bb2 Bb7 12.Be2 Nbd7 13.Rfd1 Rhd8 14.Ne1 Kf8 15.Nd3 Be7
16.Rac1  1/2-1/2

[Event "zt 3.4 w"]
[Site "Tashkent UZB"]
[Date "2009.06.22"]
[Round "7"]
[White "Hamrakulova,Y"]
[Black "Nodirjanova,N"]
[Result "1/2-1/2"]
[WhiteElo "2191"]
[BlackElo "2130"]

1.d4 d5 2.Nf3 Nf6 3.e3 e6 4.c4 dxc4 5.Bxc4 c5 6.O-O Nc6 7.Qe2 cxd4 8.Rd1 Be7
9.exd4 O-O 10.Nc3 Na5 11.Bd3 b6 12.Bg5 Bb7 13.Rac1 Rc8 14.Ne5 Nd5 15.Bxe7 Qxe7
16.Be4 Nxc3 17.bxc3 Bxe4 18.Qxe4 Qa3 19.c4 Rfd8 20.Rc2 Qa4 21.Rdc1 Nc6 22.Nxc6 Rxc6
23.h3 g6 24.g3 Rcd6 25.Rd2 Qd7 26.Rcd1 Qc6 27.Qxc6 Rxc6 28.Rc1 Rd5 29.Kg2 Rd7
30.Kf3 Kf8 31.Ke3 Ke7 32.Rdc2 Kd6 33.Rb2 Rdc7 34.Kd3 e5 35.dxe5+ Kxe5 36.Rb5+ Rc5
37.Re1+ Kd6 38.Rxc5 Rxc5 39.Re2 h5 40.h4 Rf5 41.Kd4 Rf3 42.Rc2 Ra3 43.Re2 a6
44.Rb2 Kc6 45.Re2  1/2-1/2

[Event "zt 3.4 w"]
[Site "Tashkent UZB"]
[Date "2009.06.24"]
[Round "10"]
[White "Nakhbayeva,G"]
[Black "Nodirjanova,N"]
[Result "1-0"]
[WhiteElo "2172"]
[BlackElo "2130"]

1.d4 d5 2.c4 dxc4 3.Nf3 Nf6 4.e3 e6 5.Bxc4 c5 6.Qe2 a6 7.dxc5 Bxc5 8.O-O Nc6
9.e4 b5 10.Bd3 Nb4 11.Rd1 Qb6 12.Bg5 Nxd3 13.Rxd3 Be7 14.Nc3 Bb7 15.Rad1 b4
16.e5 Nd5 17.Nxd5 Bxd5 18.Bxe7 Kxe7 19.Ng5 h6 20.Ne4 Rhd8 21.Nd6 Rd7 22.Qg4 Rg8
23.Qh5 Rxd6 24.exd6+ Qxd6 25.Qe2 Kf6 26.Rd4 Rb8 27.h4 g6 28.b3 h5 29.Qb2 Qe5
30.Rf4+  1-0

[Event "Brama Lubawska"]
[Site "Lubawka POL"]
[Date "2009.07.02"]
[Round "6"]
[White "Gulik,P"]
[Black "Jurkowski,M"]
[Result "1/2-1/2"]
[WhiteElo "1917"]
[BlackElo "1963"]

1.d4 d5 2.c4 dxc4 3.e3 Nf6 4.Bxc4 e6 5.Nf3 c5 6.O-O Nc6 7.Nc3 cxd4 8.Nxd4 Bd7
9.Ndb5 Bb4 10.Nd6+ Bxd6 11.Qxd6 Qe7 12.Nb5 O-O 13.b3 a6 14.Qxe7 Nxe7 15.Nd4 e5
16.Nf3 Ng6 17.Ba3 Rfd8 18.Bb2 Re8 19.Ng5 Nh8 20.Nf3 Ng6 21.Ng5 Nh8 22.Nf3 Ng6
23.Ng5 Nh8 24.Nf3 Ng6  1/2-1/2

[Event "37th Greek Teams"]
[Site "Kallithea GRE"]
[Date "2009.07.05"]
[Round "5"]
[White "Skembris,S"]
[Black "Gavrilakis,N"]
[Result "1/2-1/2"]
[WhiteElo "2452"]
[BlackElo "2412"]

1.d4 d5 2.Nf3 Nf6 3.c4 dxc4 4.e3 e6 5.Bxc4 c5 6.O-O a6 7.a4 Nc6 8.Nc3 Qc7
9.Qe2 Bd6 10.Rd1 O-O 11.h3 b6 12.dxc5 bxc5 13.e4 Ne5 14.Bg5 Nxf3+ 15.Qxf3 Be5
16.Rac1 Bb7 17.Bxf6 Bxf6 18.b3  1/2-1/2

[Event "37th Greek Teams"]
[Site "Kallithea GRE"]
[Date "2009.07.05"]
[Round "5"]
[White "Kazantzidis,I"]
[Black "Bellos,I"]
[Result "0-1"]
[WhiteElo "2106"]
[BlackElo "1664"]

1.d4 d5 2.c4 dxc4 3.Nf3 Nf6 4.e3 e6 5.Bxc4 c5 6.O-O a6 7.Bb3 Be7 8.Qe2 cxd4
9.Rd1 Nc6 10.exd4 O-O 11.Nc3 Na5 12.Bc2 b5 13.Ne4 Bb7 14.Nc5 Bd5 15.Ne5 Qc7
16.Bg5 Rfd8 17.Rac1 Nc6 18.Nxc6 Qxc6 19.Bxf6 Bxf6 20.Ne4 Qb7 21.Nxf6+ gxf6
22.Rd3 Kf8 23.Rh3 Bxg2 24.Rxh7 Bh1 25.Qg4 Ke7 26.Bg6 Rf8 27.Qg3 Ra7 28.h3 Bd5
29.Bd3 Qb6 30.Rc5 Bxa2 31.Rh4 Qd8 32.Qe3 Rd7 33.Rh6 Rg8+ 34.Kf1 Rxd4 35.Bc2 Bc4+
36.Rxc4 Rxc4 37.Bb3 Rc1+ 38.Ke2 Rb1 39.Rh7 Rxb2+ 40.Kf1 Rb1+ 41.Ke2 Qd7 42.Qc5+ Ke8  0-1

[Event "37th Greek Teams"]
[Site "Kallithea GRE"]
[Date "2009.07.06"]
[Round "6"]
[White "Kirgeridis,Panag"]
[Black "Tompros,A"]
[Result "1-0"]
[WhiteElo "2039"]
[BlackElo "1812"]

1.d4 d5 2.c4 dxc4 3.e3 e6 4.Bxc4 Nf6 5.Nf3 c5 6.Nc3 a6 7.Bb3 Nc6 8.O-O Be7
9.Bc2 cxd4 10.exd4 O-O 11.a3 Re8 12.Qd3 Bf8 13.Bg5 g6 14.Rad1 Bg7 15.Ne4 h6
16.Bh4 g5 17.Nxf6+ Qxf6 18.Qh7+ Kf8 19.Bg3 Rd8 20.Rfe1 Ra7 21.Ne5 Rxd4 22.Rxd4 Nxd4
23.Ng4 Qe7 24.Nxh6 Ke8 25.Ba4+ b5 26.Qxg7  1-0

[Event "37th Greek Teams"]
[Site "Kallithea GRE"]
[Date "2009.07.07"]
[Round "7"]
[White "Tsakiris,H"]
[Black "Bellos,I"]
[Result "1-0"]
[WhiteElo "1711"]
[BlackElo "1664"]

1.d4 d5 2.c4 dxc4 3.e3 e6 4.Bxc4 Nf6 5.Nf3 c5 6.O-O a6 7.a4 Nc6 8.Nc3 cxd4
9.exd4 Be7 10.Bg5 O-O 11.Qd2 Na5 12.Ba2 b6 13.Bxf6 Bxf6 14.d5 Bxc3 15.bxc3 exd5
16.Bxd5 Bb7 17.Bxb7 Nxb7 18.Qf4 Rc8 19.Rfd1 Qc7 20.Qxc7 Rxc7 21.Rab1 Rxc3
22.Rxb6 Nc5 23.h3 Nxa4 24.Rxa6 Nc5 25.Ra7 h6 26.Ne5 f6 27.Nd7 Re8 28.Nxc5 Rxc5
29.f4 Rc2 30.Rdd7 Ree2 31.Rxg7+ Kh8 32.Rg6 h5 33.Rf7 h4 34.Rg4 Rcd2 35.Rxf6 Rc2
36.Rh6+  1-0

[Event "37th Greek Teams"]
[Site "Kallithea GRE"]
[Date "2009.07.07"]
[Round "7"]
[White "Botsari,A"]
[Black "Stiri,A"]
[Result "1/2-1/2"]
[WhiteElo "2298"]
[BlackElo "2163"]

1.d4 d5 2.c4 dxc4 3.Nf3 Nf6 4.e3 e6 5.Bxc4 c5 6.O-O a6 7.b3 Nc6 8.Bb2 cxd4
9.Nxd4 Bd7 10.Nd2 Nxd4 11.Bxd4 Bc6 12.Nf3 Be7  1/2-1/2

[Event "8th Open"]
[Site "La Fere FRA"]
[Date "2009.07.07"]
[Round "5"]
[White "Manolache,M"]
[Black "Wirig,A"]
[Result "1-0"]
[WhiteElo "2479"]
[BlackElo "2491"]

1.d4 d5 2.Nf3 Nf6 3.c4 dxc4 4.e3 e6 5.Bxc4 c5 6.O-O a6 7.a4 Nbd7 8.Nc3 Be7
9.b3 O-O 10.Bb2 cxd4 11.exd4 Nb6 12.Ne5 Nxc4 13.bxc4 Nd7 14.Qe2 Qc7 15.f4 f6
16.Nf3 Nb6 17.Nd2 a5 18.Nb5 Qd8 19.Ne4 Bd7 20.Nc5 Bxc5 21.dxc5 Nc8 22.Rad1 Qe7
23.Ba3 Bc6 24.Rfe1 Re8 25.Rd3 Qf7 26.Re3 Ra6 27.Qg4 h6 28.Bb2 Re7 29.Qh4 Kh7
30.Qg4 Kg8 31.Qd1 Ra8 32.Qc2 Ra6 33.Nd4 Bd7 34.Qb3 Be8 35.Ba3 Rc6 36.Nxc6 Bxc6
37.Qc3 Bxa4 38.c6 Bxc6 39.Bxe7 Nxe7 40.Rxe6 Nf5 41.Qxa5 Qg6 42.Rxc6  1-0

[Event "19th Heart of Finland Open"]
[Site "Jyvaskyla FIN"]
[Date "2009.07.09"]
[Round "5"]
[White "Aijala,Jou"]
[Black "Op den Kelder,J"]
[Result "1/2-1/2"]
[WhiteElo "2176"]
[BlackElo "2293"]

1.d4 d5 2.Nf3 Nf6 3.c4 dxc4 4.e3 e6 5.Bxc4 c5 6.Nc3 a6 7.a4 Nc6 8.O-O cxd4
9.exd4 Be7 10.Re1 O-O 11.Bg5 Bd7 12.Qe2 Rc8 13.Rad1 Re8 14.Ba2 Nb4 15.Bb1 Nbd5
16.Qd3 g6 17.Ne5 Nxc3 18.bxc3 Bxa4 19.Rd2 Nd7 20.Bxe7 Nxe5 21.Rxe5 Rxe7 22.c4 Rd7
23.g3 Qc7 24.Ba2 Qxe5 25.dxe5 Rxd3 26.Rxd3 Kf8 27.f4 Ke7 28.Kf2 Bd7 29.Ke3 Kd8
30.g4 Rc5 31.Kd4 Ra5 32.Bb3 Ra1 33.Rh3 a5 34.Rxh7 a4 35.Bc2 Ke7 36.Bxg6 Be8
37.Kc3 Rf1 38.f5 Rf3+ 39.Kb2 Rf2+ 40.Ka3 Rf3+ 41.Ka2  1/2-1/2

[Event "19th Heart of Finland Open"]
[Site "Jyvaskyla FIN"]
[Date "2009.07.10"]
[Round "7"]
[White "Savola,L"]
[Black "Op den Kelder,J"]
[Result "1/2-1/2"]
[WhiteElo "2052"]
[BlackElo "2293"]

1.d4 d5 2.c4 dxc4 3.e3 Nf6 4.Bxc4 e6 5.Nf3 c5 6.O-O a6 7.a4 Nc6 8.Nc3 cxd4
9.exd4 Be7 10.Bf4 O-O 11.Qd2 Nb4 12.h3 Bd7 13.Rfe1 Rc8 14.Bb3 Bc6 15.Ne5 Bd5
16.Nxd5 Nbxd5 17.Nd3 Qb6 18.Bxd5 Nxd5 19.Be3 Bb4 20.Nxb4 Qxb4 21.Rec1 Rc4
22.Rxc4 Qxc4 23.a5 Rc8 24.Rc1 Qxc1+ 25.Qxc1 Rxc1+ 26.Bxc1 Nb4 27.Bd2 Nd3
28.b3 e5 29.dxe5 Nxe5 30.Kf1 f5 31.Ke2 Kf7 32.Bc3 Nd7 33.Bd4 g6 34.Ke3 Nb8
35.Bc3 Nd7 36.Bd4 Ke6 37.Kf4 h6 38.h4 Nf6 39.Bxf6 Kxf6 40.Ke3 Ke5 41.f4+ Kd5
42.Kd3 Kc5 43.Kc3 Kd5 44.Kd3 Kc5 45.Kc3 Kd5 46.Kd3  1/2-1/2

[Event "8th Open"]
[Site "La Fere FRA"]
[Date "2009.07.11"]
[Round "9"]
[White "Roux,JeanF"]
[Black "Dumas,V"]
[Result "1-0"]
[WhiteElo "1659"]
[BlackElo "1806"]

1.d4 d5 2.c4 dxc4 3.Nf3 Nf6 4.e3 e6 5.Bxc4 c5 6.O-O Nc6 7.Nc3 Be7 8.dxc5 O-O
9.a3 Bxc5 10.b4 Bb6 11.Bb2 Qe7 12.Qc2 Bd7 13.Ng5 Rac8 14.Nd5  1-0

[Event "1st Artemis Cup"]
[Site "Leros GRE"]
[Date "2009.07.13"]
[Round "3"]
[White "Boros,De"]
[Black "Muhren,B"]
[Result "1-0"]
[WhiteElo "2485"]
[BlackElo "2312"]

1.d4 d5 2.Nf3 Nf6 3.c4 dxc4 4.e3 e6 5.Bxc4 c5 6.O-O a6 7.Qe2 Nc6 8.dxc5 Bxc5
9.a3 O-O 10.b4 Bd6 11.Bb2 e5 12.e4 Nh5 13.Rd1 Qf6 14.Qd2 Be7 15.Nc3 Qg6 16.Nd5 Bf6
17.Nxe5 Bxe5 18.Bxe5 Qxe4 19.Bd6 Bh3 20.Bf1 Rfd8 21.Nb6 Rab8 22.Qg5 Rxd6
23.Rxd6 Nf4 24.Nd5 Nxd5 25.Rxd5 Be6 26.Rd6 h6 27.Qd2 Ne5 28.Re1 Qf5 29.h3 Re8
30.Rd8 Rxd8 31.Qxd8+ Kh7 32.Qd6 Ng6 33.Bd3 Qf6 34.Be4 Qc3 35.Re3 Qc8 36.h4 Bf5
37.Qc5 Qxc5 38.bxc5 Nxh4 39.Bxb7  1-0

[Event "32nd Aegean Open"]
[Site "Aghios Kirykos GRE"]
[Date "2009.07.15"]
[Round "5"]
[White "Lahiri,A"]
[Black "Mista,A"]
[Result "0-1"]
[WhiteElo "2361"]
[BlackElo "2568"]

1.d4 d5 2.c4 dxc4 3.Nf3 Nf6 4.e3 e6 5.Bxc4 c5 6.O-O a6 7.Bb3 cxd4 8.exd4 Nc6
9.Nc3 Be7 10.Bg5 O-O 11.Qd2 h6 12.Bxh6 gxh6 13.Qxh6 Re8 14.Qg5+ Kh8 15.Ne5 Nxe5
16.dxe5 Nh7 17.Qh5 Rg8 18.Qxf7 Rg7 19.Qh5 Qg8 20.g3 Bd7 21.Ne4 Rf8 22.Rfe1 Rg4
23.Re3 Bc6 24.Rae1 Rh4 25.Qe2 Ng5 26.Nxg5 Qxg5 27.Bxe6 Bc5 28.Qd3 Bxe3 29.Rxe3 Rh6
30.Bd7 Qh5 31.h4 Qf7  0-1